000 00310nam a2200133Ia 4500
005 20251222143254.0
008 251222s9999||||xx |||||||||||||| ||spa||
020 _a958-704-133-X
082 _a220.4/A72
100 _aArias, Juan
245 0 _aLa Biblia y sus Secretos:
264 _bSantillana
942 _cLIB
999 _c15058
_d15058